• 首页
  • 本馆介绍
  • 公告通知
  • 最新文献
  • 馆藏检索
  • 电子资源
  • 读者导购
  • 参考咨询
  • 我的图书馆
  • 登录
  • 详细信息显示
  • 放入我的书架
  • 预约/预借图书
  • 作者相关作品
  • 分类相关作品
  • 丛书相关作品
  • 出版社相关作品

书目信息

  • 表格格式
  • 工作单格式
  • 卡片格式
题名:
中国地理未解之谜
    
 
作者: 何英娇 编著
分册:  
出版信息: 北京   华文出版社  2009
页数: 212页
开本: 24cm
丛书名:
单 册:
中图分类: K92-49 , K92
科图分类:
主题词: 地理--中国--通俗读物 , 地理
电子资源:
ISBN: 978-7-5075-2655-4
000 00850nam0 2200253 450
001 2376410216
005 20231110083947.82
010    @a978-7-5075-2655-4@dCNY32.90
100    @a20100127d2009 em y0chiy50 ea
101 0  @achi
102    @aCN@b110000
105    @aa z 000yy
200 1  @a中国地理未解之谜@Azhong guo di li wei jie zhi mi@f何英娇编著
210    @a北京@c华文出版社@d2009
215    @a212页@d24cm
300    @a图说经典 彩色图解未解之谜
330    @a本书以一种全新的视角来解读与研究中国地理。从山川湖泊、高原林莽、荒漠边陲、海疆岛屿、古都城郭等方面入手,对60多个中国地理未解之谜进行全面剖析,深入开掘掩藏于神秘表象背后的真实。
606 0  @a地理@y中国@j通俗读物
606 0  @a地理
690    @aK92-49@v5
690    @aK92@v4
701  0 @a何英娇@Ahe ying jiao@4编著
801  0 @aCN@b安徽时代@c20230923
905    @aBZT@dK92@e37
    
    中国地理未解之谜/何英娇编著.-北京:华文出版社,2009
    212页;24cm
    图说经典 彩色图解未解之谜
    
    ISBN 978-7-5075-2655-4:CNY32.90
    本书以一种全新的视角来解读与研究中国地理。从山川湖泊、高原林莽、荒漠边陲、海疆岛屿、古都城郭等方面入手,对60多个中国地理未解之谜进行全面剖析,深入开掘掩藏于神秘表象背后的真实。
●
相关链接 在五车中查询图书 在当当中查询图书 在豆瓣中查询图书


正题名:中国地理未解之谜     索取号:K92/37         预约/预借

序号 登录号 条形码 馆藏地/架位号 状态 备注
1 2000924713   2000924713   第四书库/四30架A面4层3列/ [索取号:K92/37] 在馆    
2 2000924714   2000924714   第四书库/四30架A面4层3列/ [索取号:K92/37] 在馆    
3 2000924715   2000924715   第四书库/四30架A面4层3列/ [索取号:K92/37] 在馆    
4 2000924716   2000924716   培训中心一楼图书角/四30架A面4层3列/ [索取号:K92/37] 在馆    
5 2000924717   2000924717   培训中心一楼图书角/四30架A面4层3列/ [索取号:K92/37] 在馆    
6 2000924718   2000924718   培训中心一楼图书角/四30架A面4层3列/ [索取号:K92/37] 在馆    
山东省滨州职业学院图书馆 欢迎您!
大连网信软件有限公司© 版权所有